Manual de guerrilla de la comunicación
Guardat en:
| Autors principals: | , |
|---|---|
| Autor corporatiu: | |
| Format: | Llibre |
| Idioma: | espanyol |
| Publicat: |
Barcelona
Virus
2000
|
| Edició: | 1a. ed |
| Matèries: | |
| Etiquetes: |
Afegir etiqueta
Sense etiquetes, Sigues el primer a etiquetar aquest registre!
|
MARC
| LEADER | 00000nam a2200000 a 4500 | ||
|---|---|---|---|
| 001 | UCK4485 | ||
| 003 | CL-VaPUC | ||
| 008 | 050610e20000000SP |||||||||||||||||spa|d | ||
| 020 | |a 8488455844 | ||
| 082 | 0 | 4 | |a 302.2 |b BLI |2 21 |
| 100 | 0 | |a Blisset, Luther |e author |9 492981 | |
| 700 | 0 | |a Brünzeis, Sonja |e author |9 492982 | |
| 110 | 2 | |a Grupo Autónomo A.F.R.I.K.A |e author |9 492983 | |
| 245 | 1 | 0 | |a Manual de guerrilla de la comunicación |
| 246 | 1 | 0 | |a Consultor práctico para el tratado de dolores locales y generales |
| 250 | |a 1a. ed | ||
| 300 | |a 233 p | ||
| 942 | |c BK | ||
| 945 | |d 20050610 00:00:00 |a cmena | ||
| 260 | |a Barcelona |b Virus |c 2000 | ||
| 650 | 0 | |a Televisión |9 256845 | |
| 650 | 0 | |a Medios de comunicación de masas |9 257273 | |
| 650 | 7 | |a INNOVACIONES TECNOLOGICAS |2 CL-VaPUC |9 492984 | |
| 650 | 0 | |a Programas de televisión |9 335092 | |
| 650 | 0 | |a Cambio social |9 256857 | |
| 650 | 0 | |a Psicología social |9 222894 | |
| 650 | 7 | |a SOCIOLOGIA DEL PERIODISMO |2 CL-VaPUC |9 462333 | |
| 650 | 0 | |a Desarrollo cultural |9 267526 | |
| 650 | 0 | |a Antropología cultural y social |9 265143 | |
| 583 | |a last modification |c 20160914 11:34:58 |k Rodrigo Vera | ||
| 999 | |c 313318 |d 313316 | ||
| 952 | |0 0 |1 0 |4 0 |6 302_200000000000000_BLI_2000 |7 0 |8 A |9 384588 |a BIBCUR |b BIBCUR |d 2019-11-22 |i 4136330 |o 302.2 BLI 2000 |p 4136330 |r 2025-04-22 |w 2019-11-22 |y BK |k MGC | ||